La contratación colectiva / (Registro nro. 4329)

Detalles MARC
000 -LEADER
fixed length control field 00927nam a2200229Ia 4500
003 - CONTROL NUMBER IDENTIFIER
control field OSt
005 - DATE AND TIME OF LATEST TRANSACTION
control field 20200723153145.0
008 - FIXED-LENGTH DATA ELEMENTS--GENERAL INFORMATION
fixed length control field 191128s1962 ck gr 000 0 spa d
040 ## - CATALOGING SOURCE
Original cataloging agency CO-JMCR
Transcribing agency CO-JMCR
041 0# - LANGUAGE CODE
Language code of text/sound track or separate title spa
082 04 - DEWEY DECIMAL CLASSIFICATION NUMBER
Classification number 331.11 /
Item number E775c
Edition number 23
100 1# - MAIN ENTRY--PERSONAL NAME
Personal name Espinosa S., Justiniano,
Relator term autor
9 (RLIN) 7698
245 13 - TITLE STATEMENT
Title La contratación colectiva /
Statement of responsibility, etc. Justiniano Espinosa S.
250 ## - EDITION STATEMENT
Edition statement Primera edición
260 ## - PUBLICATION, DISTRIBUTION, ETC.
Place of publication, distribution, etc. Bogotá :
Name of publisher, distributor, etc. Editorial Justicia,
Date of publication, distribution, etc. 1962.
300 ## - PHYSICAL DESCRIPTION
Extent 58 páginas ;
Dimensions 18 cm.
505 0# - FORMATTED CONTENTS NOTE
Formatted contents note Antecedentes históricos -- Qué es la convención colectiva de trabajo -- Cuestiones que son materia del contrato colectivo -- Puntos que no son materia del contrato colectivo -- Servicios que púedeprestar el sindicato -- Procedimiento en las negociaciones
650 14 - SUBJECT ADDED ENTRY--TOPICAL TERM
Topical term or geographic name entry element Contratos
9 (RLIN) 7699
650 24 - SUBJECT ADDED ENTRY--TOPICAL TERM
Topical term or geographic name entry element Colectivos de trabajo
9 (RLIN) 7700
650 24 - SUBJECT ADDED ENTRY--TOPICAL TERM
Topical term or geographic name entry element Colombia sindicatos - --
Geographic subdivision Colombia
9 (RLIN) 7701
942 ## - ADDED ENTRY ELEMENTS (KOHA)
Source of classification or shelving scheme Dewey Decimal Classification
Koha item type Books
Existencias
Withdrawn status Lost status Source of classification or shelving scheme Materials specified (bound volume or other part) Damaged status Not for loan Home library Current library Shelving location Date acquired Source of acquisition Full call number Barcode Date last seen Copy number Price effective from Koha item type Public note
    Dewey Decimal Classification Donación--15/10/2018--     Biblioteca Pública José María del Castillo y Rada Biblioteca Pública José María del Castillo y Rada General Stacks 11/28/2019 Donación 331.11 / E775c 201809172 05/16/2024 Ej.1 11/28/2019 Books Exlibris : nota con esfero en la primera página